000 00471 a2200157 4500
008 150909b xxu||||| |||| 00| 0 eng d
041 _aEng.
082 _aCD5027
100 _aPaudel, Ramji Prasad
245 _aAn analysis of errors committed by Grade Ten students in nagation
260 _aPokhara
_c2010
502 _aDissertation
_bEducation
_cT. U. PNC
650 _aEnglish grammar
_aTense
_atransformation
_aError analysis
653 _aEnglish
942 _2ddc
_cVM
999 _c62843
_d62831